Viseljünk magyar ruhát

Úvaha na tému vlastenectva, ktoré sa odvíja aj od nosenia domácich šiat. Myšlienka vznikla na univerzite v Cluji a rozširuje sa po celom Uhorsku. Úvaha z pera regionálneho autora datovaná v Sátoralajujhely 25.februára 1901.

Podrobná bibliografia
Hlavný autor: Németh, Pavol (Author)
Médium: Článok
Jazyk:Hungarian
Témy:
Zdroj: 1. Felsőmagyarországi Hirlap : Politikai ujság 1. Roč. 4, č. 17 (27.02.1901) s. 2 a 3
LEADER 01130nab#a2200337#ar4500
001 000074947
003 SVKKK
005 20050614xxxxxxx.
008 06 c xo huno
FMT
038 |a SVKKK 
040 |a SVKKK  |b slo  |e AACR2 
041 0 |a hun 
044 |a xo  |c SK 
080 |a 323.1 
100 1 |a Németh, Pavol  |4 aut 
242 1 0 |a Nosme uhorské šaty 
245 1 0 |a Viseljünk magyar ruhát  |c Pavol Németh 
500 |a Pál 
500 |a mikrofilm 
520 2 |a Úvaha na tému vlastenectva, ktoré sa odvíja aj od nosenia domácich šiat. Myšlienka vznikla na univerzite v Cluji a rozširuje sa po celom Uhorsku. Úvaha z pera regionálneho autora datovaná v Sátoralajujhely 25.februára 1901. 
650 0 4 |a vlastenectvo - odev domáci (nosenie) - Uhorsko - Cluj (RO) - Sátoraljaujhely (HU) - 25.02.1901 - úvahy 
773 0 |t Felsőmagyarországi Hirlap : Politikai ujság  |g Roč. 4, č. 17 (27.02.1901) s. 2 a 3 
957 |a Cluj (RO) 
957 |a Sátoraljaujhely (HU) 
957 |a Uhorsko 
958 |a SK 
974 |a Ba  |d 20050614 
992 |a RBX 
BAS
998 |a RETRO